|
|
|
|
| LEADER |
01374nam a2200373 a 4500 |
| 001 |
29170 |
| 003 |
BD-DhAAL |
| 005 |
20151118020002.0 |
| 008 |
150508s2014 bg w 000 0 eng d |
| 040 |
|
|
|a BD-DhAAL
|c BD-DhAAL
|
| 041 |
|
|
|a Eng
|
| 082 |
0 |
0 |
|a 348.5492/046
|2 22
|
| 999 |
|
|
|c 34651
|d 34651
|
| 999 |
|
|
|c 0
|
| 999 |
|
|
|c 14205
|
| 999 |
|
|
|c 14205
|
| 999 |
|
|
|c 0
|
| 999 |
|
|
|c 13653
|
| 130 |
0 |
|
|a Bangladesh Law Chronicles
|9 2245
|
| 245 |
0 |
4 |
|a The Bangladesh law chronicles,
|n volume no. 19/
|c Editor Nahid Mahtab
|
| 246 |
1 |
7 |
|a Bangladesh Law Chronicles.
|
| 246 |
0 |
|
|a BLC
|
| 260 |
|
|
|a Dhaka :
|b Bangladesh law chronicles,
|c 2014
|
| 300 |
|
|
|a 792 p., :
|c 24 cm.
|
| 362 |
0 |
|
|a volume xviii.
|
| 500 |
|
|
|a "A monthly law journal."
|
| 541 |
|
|
|e 29170
|
| 590 |
|
|
|a Published yearly.
|
| 650 |
|
0 |
|a Law reports, digests, etc.
|z Bangladesh
|9 5827
|
| 700 |
1 |
|
|a Mahtab, Nahid
|9 4019
|
| 852 |
1 |
|
|a Ayesha Abed Library
|j General shelf
|
| 942 |
|
|
|2 ddc
|c 1HOUR
|0 1
|
| 952 |
|
|
|0 0
|1 0
|2 ddc
|4 0
|6 348_549200000000000_046_BLC
|7 0
|8 REF
|9 54148
|a BRACUL
|b BRACUL
|c REF
|d 2015-06-08
|e Anupam Gyan Bhander
|g 774.00
|l 2
|o 348.5492046 BLC
|p 3010029170
|r 2020-03-09
|s 2020-03-09
|t 1
|w 2015-06-08
|y 1HOUR
|
| 952 |
|
|
|0 0
|1 0
|2 ddc
|4 0
|6 348_549200000000000_046_BLC
|7 0
|8 REF
|9 54149
|a BRACUL
|b BRACUL
|c REF
|d 2015-06-08
|e Anupam Gyan Bhander
|g 774.00
|l 0
|o 348.5492046 BLC
|p 3010029171
|r 2015-06-08
|t 2
|w 2015-06-08
|y 1HOUR
|